<?xml version="1.0" encoding="UTF-8"?>
<record
    xmlns:xsi="http://www.w3.org/2001/XMLSchema-instance"
    xsi:schemaLocation="http://www.loc.gov/MARC21/slim http://www.loc.gov/standards/marcxml/schema/MARC21slim.xsd"
    xmlns="http://www.loc.gov/MARC21/slim">

  <leader>01284nam a2200301   4500</leader>
  <controlfield tag="003">OSt</controlfield>
  <controlfield tag="005">20260530115306.0</controlfield>
  <controlfield tag="008">260420b20122016mx a|||| |||| 00| 0 SPA d</controlfield>
  <datafield tag="040" ind1=" " ind2=" ">
    <subfield code="a">ICI</subfield>
    <subfield code="b">spa</subfield>
    <subfield code="c">ICI</subfield>
  </datafield>
  <datafield tag="050" ind1=" " ind2=" ">
    <subfield code="a">NA702 </subfield>
    <subfield code="b">P74</subfield>
  </datafield>
  <datafield tag="100" ind1="1" ind2=" ">
    <subfield code="a">Red BAAL</subfield>
    <subfield code="9">31993</subfield>
  </datafield>
  <datafield tag="245" ind1="1" ind2="0">
    <subfield code="a">Premio Oscar Niemeyer para la arquitectura latinoamericana</subfield>
    <subfield code="b"> premio "ON" primera edici&#xF3;n 2016</subfield>
    <subfield code="c">director ejecutivo REDBAAL, Handel Guayasamin</subfield>
  </datafield>
  <datafield tag="246" ind1="3" ind2="0">
    <subfield code="a">Premio "ON" primera edici&#xF3;n 2016</subfield>
  </datafield>
  <datafield tag="250" ind1=" " ind2=" ">
    <subfield code="a">Primera edici&#xF3;n</subfield>
  </datafield>
  <datafield tag="264" ind1=" " ind2="1">
    <subfield code="b">REDBAAL, Red de Bienales de Arquitectura de Am&#xE9;rica Latina,</subfield>
    <subfield code="c">2016</subfield>
    <subfield code="a">M&#xE9;xico, D.F. :</subfield>
  </datafield>
  <datafield tag="300" ind1=" " ind2=" ">
    <subfield code="a">92 p&#xE1;ginas</subfield>
  </datafield>
  <datafield tag="336" ind1=" " ind2=" ">
    <subfield code="a">texto</subfield>
    <subfield code="2">rdacontent</subfield>
  </datafield>
  <datafield tag="337" ind1=" " ind2=" ">
    <subfield code="a">sin medio</subfield>
    <subfield code="2">rdamedia</subfield>
  </datafield>
  <datafield tag="338" ind1=" " ind2=" ">
    <subfield code="a">volumen</subfield>
    <subfield code="2">rdacarrier</subfield>
  </datafield>
  <datafield tag="650" ind1=" " ind2="4">
    <subfield code="a">Arquitectura moderna</subfield>
    <subfield code="v">Dise&#xF1;os y planos</subfield>
    <subfield code="x"> Premios </subfield>
    <subfield code="y">Siglo XXI</subfield>
    <subfield code="9">31994</subfield>
  </datafield>
  <datafield tag="650" ind1=" " ind2="4">
    <subfield code="a">Arquitectos </subfield>
    <subfield code="v">Congresos</subfield>
    <subfield code="x">Historia</subfield>
    <subfield code="y">Siglo XXI</subfield>
    <subfield code="z">Am&#xE9;rica Latina</subfield>
    <subfield code="9">31995</subfield>
  </datafield>
  <datafield tag="650" ind1=" " ind2="4">
    <subfield code="a">Arquitectura </subfield>
    <subfield code="v">Congresos</subfield>
    <subfield code="x">Premios</subfield>
    <subfield code="z">Am&#xE9;rica Latina </subfield>
    <subfield code="9">31996</subfield>
  </datafield>
  <datafield tag="700" ind1=" " ind2="1">
    <subfield code="a"> Guayasam&#xED;n, Handel,</subfield>
  </datafield>
  <datafield tag="710" ind1=" " ind2="2">
    <subfield code="a"> Red de Bienales de Arquitectura de Am&#xE9;rica Latina,</subfield>
    <subfield code="e"> issuing body.</subfield>
    <subfield code="9">31998</subfield>
  </datafield>
  <datafield tag="710" ind1=" " ind2="2">
    <subfield code="a">Funda&#xE7;&#xE3;o Oscar Niemeyer,</subfield>
    <subfield code="e"> issuing body.</subfield>
    <subfield code="9">31999</subfield>
  </datafield>
  <datafield tag="711" ind1=" " ind2="2">
    <subfield code="a">Bienal Panamericana de Arquitectura de Quito</subfield>
    <subfield code="c">Quito, Ecuador)</subfield>
    <subfield code="n">(20 : |d 2016 </subfield>
    <subfield code="9">32000</subfield>
  </datafield>
  <datafield tag="942" ind1=" " ind2=" ">
    <subfield code="2">ddc</subfield>
    <subfield code="c">BK</subfield>
  </datafield>
  <datafield tag="999" ind1=" " ind2=" ">
    <subfield code="c">13104</subfield>
    <subfield code="d">13104</subfield>
  </datafield>
</record>
